000 00341nam a22001457a 4500
003 OSt
005 20160726092719.0
008 160726b xxu||||| |||| 00| 0 eng d
020 _a1402177763
040 _cN/A
100 _aWalter Besant
245 _aChildren of Gibeon
260 _aNew York
_bHarper & Brothers
_c2005
942 _2lcc
_cBK
999 _c254794
_d254793